| Tag |
First Indicator |
Second Indicator |
Subfields |
| LEADER |
00000cam a2200000Ia 4500 |
| 001 |
in00004765721 |
| 008 |
030605s2002 txu 000 f eng d |
| 005 |
20240119204740.6 |
| 035 |
|
|
|a (OCoLC)ocm52377555
|
| 040 |
|
|
|a ZQP
|b eng
|c ZQP
|d OCLCQ
|d OCL
|d BAKER
|d BTCTA
|d OCLCQ
|d FMO
|d OCLCF
|d OCLCQ
|d OCLCO
|d GFK
|d OCLCO
|d OCLCL
|d TXA
|
| 020 |
|
|
|a 1930928807
|q (pbk.)
|
| 020 |
|
|
|a 9781930928800
|q (pbk.)
|
| 035 |
|
|
|a (OCoLC)52377555
|
| 043 |
|
|
|a n-us---
|
| 050 |
1 |
4 |
|a PS3618.A347
|b H662 2002
|
| 082 |
0 |
4 |
|a 813/.6
|2 22
|
| 100 |
0 |
|
|a Radclyffe,
|d 1950-
|e author.
|
| 245 |
1 |
0 |
|a Honor bound /
|c Radclyffe.
|
| 264 |
|
1 |
|a Nederland, Texas :
|b Yellow Rose Books, a division of Renaissance Alliance Publishing, Inc.,
|c [2002]
|
| 300 |
|
|
|a 221 pages ;
|c 23 cm
|
| 336 |
|
|
|a text
|b txt
|2 rdacontent
|
| 337 |
|
|
|a unmediated
|b n
|2 rdamedia
|
| 338 |
|
|
|a volume
|b nc
|2 rdacarrier
|
| 520 |
|
|
|a Secret Service Agent Cameron Roberts and Blair Powell, the president's daughter, return in this sequel to Above All, honor. After surviving a near fatal bullet meant for Blair, Cam promises to resign from Blair's security detail. but, when she receives an order from the commander in chief to return, duty demands that she break her word.
|
| 500 |
|
|
|a The Cushing Library/Women & Gender Studies copy was acquired as part of The Arden Eversmeyer Collection.
|5 TXA
|
| 650 |
|
0 |
|a Intelligence service
|z United States
|v Fiction.
|
| 650 |
|
0 |
|a Lesbians
|v Fiction.
|
| 650 |
|
6 |
|a Lesbiennes
|v Romans, nouvelles, etc.
|
| 650 |
|
7 |
|a Intelligence service
|2 fast
|
| 651 |
|
7 |
|a United States
|2 fast
|1 https://id.oclc.org/worldcat/entity/E39PBJtxgQXMWqmjMjjwXRHgrq
|
| 655 |
|
7 |
|a Fiction
|2 fast
|
| 655 |
|
7 |
|a Romantic suspense fiction.
|2 gsafd
|
| 655 |
|
7 |
|a Thrillers (Fiction)
|2 lcgft
|
| 655 |
|
7 |
|a Spy fiction.
|2 lcgft
|
| 655 |
|
7 |
|a Romance fiction.
|2 lcgft
|
| 655 |
|
7 |
|a Lesbian fiction.
|2 lcgft
|
| 655 |
|
7 |
|a Romans lesbiens.
|2 rvmgf
|
| 938 |
|
|
|a Baker & Taylor
|b BKTY
|c 16.95
|d 16.95
|i 1930928807
|n 0004125179
|s active
|
| 938 |
|
|
|a Baker and Taylor
|b BTCP
|n bl2005021191
|
| 029 |
1 |
|
|a AU@
|b 000073460781
|
| 994 |
|
|
|a Z0
|b TXA
|
| 948 |
|
|
|h HELD BY TXA - 10 OTHER HOLDINGS
|
| 999 |
f |
f |
|s fea2acb8-f435-4152-9acb-2e156e215634
|i 29aa13fe-80a5-4a61-9968-a573fa8bcadb
|t 0
|
| 952 |
f |
f |
|p noncirc
|a Texas A&M University
|b College Station
|c Cushing Memorial Library & Archives
|d Cushing: Women & Gender Studies (Does not check out)
|t 0
|e PS3618.A347 H662 2002
|h Library of Congress classification
|i unmediated -- volume
|m A1485317863D
|
| 998 |
f |
f |
|a PS3618.A347 H662 2002
|t 0
|l Cushing: Women & Gender Studies (Does not check out)
|